000 00468nam a2200169Ia 4500
008 230917s9999||||xx |||||||||||||| ||und||
020 _cRS300
040 _e241894
_aMAIN
041 _aEnglish
082 _a954.01 H114V
100 _aHabib, Irfan
245 0 _aVedic kaal aur lohe ka agaman: Lagbhag 1500-700 Iehvi poorva
260 _aNew Delhi
_bRajkamal
_c2016
300 _a106 p.
500 _a2831 29/08/2017 HBD17/7075 29/09/2017 Main Budget
942 _cBK
999 _c23672
_d23672